ბათუმის შოთა რუსთაველის სახელმწიფო უნივერსიტეტის ბიბლიოთეკა

Пособие для табаковода (ბიბ.ჩანაწერი № 46365)

000 -LEADER
fixed length control field 00546nam a2200193Ia 4500
001 - CONTROL NUMBER
control field 13201
003 - CONTROL NUMBER IDENTIFIER
control field GE_BSU
008 - FIXED-LENGTH DATA ELEMENTS--GENERAL INFORMATION
fixed length control field 181216s||||||||xx |||||||||||||| ||und||
040 ## - CATALOGING SOURCE
Transcribing agency GE_BSU
080 ## - UNIVERSAL DECIMAL CLASSIFICATION NUMBER
Universal Decimal Classification number 633.71(075.32)
100 ## - MAIN ENTRY--PERSONAL NAME
Personal name Леонов,И.П.;Петренко,А.Г.;Г.М.Псарев
245 ## - TITLE STATEMENT
Title Пособие для табаковода
260 ## - PUBLICATION, DISTRIBUTION, ETC.
Place of publication, distribution, etc. Москва
260 ## - PUBLICATION, DISTRIBUTION, ETC.
Name of publisher, distributor, etc. Высшая школа
260 ## - PUBLICATION, DISTRIBUTION, ETC.
Date of publication, distribution, etc. 1980
300 ## - PHYSICAL DESCRIPTION
Extent 352стр.илл.20см.
653 ## - INDEX TERM--UNCONTROLLED
Uncontrolled term Пособие для табаковода
942 ## - ADDED ENTRY ELEMENTS (KOHA)
Koha item type წიგნი
ეგზემპლარები
Withdrawn status Lost status Damaged status Not for loan Date acquired Barcode Date last seen Price effective from Koha item type
        2018-12-17 20781 2018-12-17 2018-12-17 წიგნი
        2018-12-17 20782 2018-12-17 2018-12-17 წიგნი
        2018-12-17 20783 2018-12-17 2018-12-17 წიგნი
        2018-12-17 20784 2018-12-17 2018-12-17 წიგნი
        2018-12-17 20785 2018-12-17 2018-12-17 წიგნი